[Event "HUN-ch Rapid 2019"]
[Site "Ajka"]
[Date "2019.07.21"]
[Round "10.17"]
[White "Forgacs, Attila Jr."]
[Black "Egresi, Mate"]
[Result "0-1"]
[WhiteElo "2094"]
[BlackElo "2341"]
[Annotator "NA"]
[PlyCount "112"]
[EventDate "2019.07.18"]
[EventType "swiss"]
[EventCountry "HUN"]
[SourceTitle "playchess.com"]
[Source "ChessBase"]
[SourceQuality "1"]
[TimeControl "1200+5"]

1. e4 {[%emt 0:00:03]} c5 {[%emt 0:00:01]} 2. Nf3 {[%emt 0:00:01]} d6 {[%emt 0:00:01]} 3. d4 {[%emt 0:00:01]} cxd4 {[%emt 0:00:02]} 4. Nxd4 {[%emt 0:00:02]} Nf6 {[%emt 0:00:02]} 5. Nc3 {[%emt 0:00:02]} a6 {[%emt 0:00:02]} 6. f3 {[%emt 0:00:02]} e5 {[%emt 0:00:02]} 7. Nb3 {[%emt 0:00:01]} Be6 {[%emt 0:00:06]} 8. Be3 {[%emt 0:00:02]} Be7 {[%emt 0:00:02]} 9. Qd2 {[%emt 0:00:04]} O-O {[%emt 0:00:07]} 10. O-O-O {[%emt 0:00:05]} Nbd7 {[%emt 0:00:01]} 11. g4 {[%emt 0:00:01]} b5 {[%emt 0:00:02]} 12. Rg1 {[%emt 0:00:02]} Nb6 {[%emt 0:00:06]} 13. g5 {[%emt 0:00:57]} Nh5 {[%emt 0:00:18]} 14. Na5 {[%emt 0:00:18]} Qc7 {[%emt 0:00:02]} 15. Kb1 {[%emt 0:00:30]} d5 {[%emt 0:00:25]} 16. exd5 {[%emt 0:01:41]} Rfd8 {[%emt 0:03:29]} 17. Nc6 {[%emt 0:01:27]} Nxd5 {[%emt 0:08:07]} 18. Nxd8 {[%emt 0:00:49]} Rxd8 {[%emt 0:00:11]} 19. Nxd5 {[%emt 0:03:34]} Bxd5 {[%emt 0:00:14]} 20. Qe2 {[%emt 0:01:30]} Nf4 {[%emt 0:02:10]} 21. Bxf4 {[%emt 0:00:30]} exf4 {[%emt 0:00:01]} 22. Bh3 {[%emt 0:01:15]} Bc5 {[%emt 0:00:42]} 23. Rge1 {[%emt 0:00:48]} Be3 {[%emt 0:00:02]} 24. Bf5 {[%emt 0:01:01]} g6 {[%emt 0:01:03]} 25. Be4 {[%emt 0:00:46]} Bxe4 {[%emt 0:00:58]} 26. fxe4 {[%emt 0:00:13]} Re8 {[%emt 0:00:06]} 27. Qd3 {[%emt 0:01:13]} Qe5 {[%emt 0:00:15]} 28. h4 {[%emt 0:00:55]} Qxe4 {[%emt 0:00:29]} 29. Qxe4 {[%emt 0:00:05]} Rxe4 {[%emt 0:00:02]} 30. Rd3 {[%emt 0:01:40]} h6 {[%emt 0:00:19]} 31. gxh6 {[%emt 0:00:38]} Kh7 {[%emt 0:00:01]} 32. Rd7 {[%emt 0:00:12]} Kxh6 {[%emt 0:00:03]} 33. Rxf7 {[%emt 0:00:11]} Kh5 {[%emt 0:00:04]} 34. Rf6 {[%emt 0:00:43]} Rd4 {[%emt 0:02:25]} 35. Rxa6 {[%emt 0:00:33]} Bf2 {[%emt 0:00:24]} 36. Rh1 {[%emt 0:00:46]} Bxh4 {[%emt 0:00:09]} 37. c3 {[%emt 0:00:07]} Rd5 {[%emt 0:00:06]} 38. Kc2 {[%emt 0:00:02]} g5 {[%emt 0:00:02]} 39. Ra8 {[%emt 0:00:06]} Kg4 {[%emt 0:00:06]} 40. b3 {[%emt 0:00:11]} f3 {[%emt 0:00:02]} 41. Rf8 {[%emt 0:00:08]} f2 {[%emt 0:00:13]} 42. Rxh4+ {[%emt 0:00:06]} gxh4 {[%emt 0:00:09]} 43. Rxf2 {[%emt 0:00:02]} h3 {[%emt 0:00:03]} 44. c4 {[%emt 0:00:05]} bxc4 {[%emt 0:00:08]} 45. bxc4 {[%emt 0:00:01]} Rf5 {[%emt 0:00:08]} 46. Rh2 {[%emt 0:00:11]} Kg3 {[%emt 0:00:03]} 47. Rh1 {[%emt 0:00:06]} Kg2 {[%emt 0:00:04]} 48. Rxh3 {[%emt 0:00:03]} Kxh3 {[%emt 0:00:01]} 49. Kd3 {[%emt 0:00:03]} Kg4 {[%emt 0:00:03]} 50. Kd4 {[%emt 0:00:03]} Ra5 {[%emt 0:00:19]} 51. c5 {[%emt 0:00:02]} Kf5 {[%emt 0:00:06]} 52. Kd5 {[%emt 0:00:03]} Rxa2 {[%emt 0:00:01]} 53. c6 {[%emt 0:00:01]} Rd2+ {[%emt 0:00:02]} 54. Kc5 {[%emt 0:00:02]} Ke6 {[%emt 0:00:02]} 55. Kb6 {[%emt 0:00:14]} Rc2 {[%emt 0:00:01]} 56. Kb7 {[%emt 0:00:11]} Kd6 {[%emt 0:00:02]} 0-1

[Event "HUN-ch Rapid 2019"]
[Site "Ajka"]
[Date "2019.07.21"]
[Round "10.18"]
[White "Csati, Oliver"]
[Black "Deak, Sandor"]
[Result "0-1"]
[WhiteElo "2233"]
[BlackElo "2279"]
[Annotator "NA"]
[PlyCount "74"]
[EventDate "2019.07.18"]
[EventType "swiss"]
[EventCountry "HUN"]
[SourceTitle "playchess.com"]
[Source "ChessBase"]
[SourceQuality "1"]
[TimeControl "1200+5"]

1. c4 {[%emt 0:01:02]} Nf6 {[%emt 0:00:05]} 2. g3 {[%emt 0:00:04]} g6 {[%emt 0:00:34]} 3. Bg2 {[%emt 0:00:01]} Bg7 {[%emt 0:00:01]} 4. Nc3 {[%emt 0:00:01]} O-O {[%emt 0:00:01]} 5. e4 {[%emt 0:00:37]} d6 {[%emt 0:00:26]} 6. Nge2 {[%emt 0:00:29]} c5 {[%emt 0:00:05]} 7. O-O {[%emt 0:00:05]} Nc6 {[%emt 0:00:14]} 8. h3 {[%emt 0:00:29]} Rb8 {[%emt 0:00:07]} 9. d4 {[%emt 0:00:33]} cxd4 {[%emt 0:00:23]} 10. Nxd4 {[%emt 0:00:01]} Nxd4 {[%emt 0:00:18]} 11. Qxd4 {[%emt 0:00:01]} a6 {[%emt 0:00:11]} 12. Qd3 {[%emt 0:01:37]} Be6 {[%emt 0:00:24]} 13. Bg5 {[%emt 0:02:57]} h6 {[%emt 0:02:23]} 14. Be3 {[%emt 0:00:15]} Qc8 {[%emt 0:00:02]} 15. Nd5 {[%emt 0:00:42]} Nxd5 {[%emt 0:00:04]} 16. exd5 {[%emt 0:01:05]} Bxh3 {[%emt 0:00:02]} 17. Bd4 {[%emt 0:01:07]} Bf5 {[%emt 0:00:48]} 18. Qc3 {[%emt 0:00:43]} Bxd4 {[%emt 0:00:16]} 19. Qxd4 {[%emt 0:00:00]} Qc5 {[%emt 0:00:55]} 20. Qh4 {[%emt 0:00:32]} Kg7 {[%emt 0:00:36]} 21. Rfe1 {[%emt 0:00:27]} g5 {[%emt 0:00:04]} 22. Qh5 {[%emt 0:00:23]} e5 {[%emt 0:00:05]} 23. dxe6 {[%emt 0:00:34]} fxe6 {[%emt 0:00:01]} 24. Qe2 {[%emt 0:01:08]} Rf6 {[%emt 0:00:08]} 25. Rad1 {[%emt 0:00:31]} Rbf8 {[%emt 0:00:02]} 26. Qe3 {[%emt 0:01:24]} Qc7 {[%emt 0:00:05]} 27. Qd4 {[%emt 0:00:59]} e5 {[%emt 0:00:01]} 28. Qd5 {[%emt 0:01:01]} R8f7 {[%emt 0:00:01]} 29. c5 {[%emt 0:01:17]} dxc5 {[%emt 0:00:02]} 30. Rxe5 {[%emt 0:00:03]} Rd7 {[%emt 0:00:47]} 31. Rxf5 Rxd5 {[%emt 0:00:01]} 32. Rfxd5 {[%emt 0:00:04]} Rf7 {[%emt 0:00:01]} 33. Rd6 {[%emt 0:00:32]} c4 {[%emt 0:00:14]} 34. Be4 {[%emt 0:00:07]} Qc5 {[%emt 0:00:01]} 35. R1d2 {[%emt 0:01:05]} Qe5 {[%emt 0:00:01]} 36. Bg6 {[%emt 0:00:27]} Rf6 {[%emt 0:00:10]} 37. Bh5 {[%emt 0:00:03]} Rxd6 {[%emt 0:00:01]} 0-1

[Event "HUN-ch Rapid 2019"]
[Site "Ajka"]
[Date "2019.07.21"]
[Round "10.19"]
[White "Kovacs, Marton"]
[Black "Farago, Sandor"]
[Result "0-1"]
[WhiteElo "2147"]
[BlackElo "2210"]
[Annotator "NA"]
[PlyCount "82"]
[EventDate "2019.07.18"]
[EventType "swiss"]
[EventCountry "HUN"]
[SourceTitle "playchess.com"]
[Source "ChessBase"]
[SourceQuality "1"]
[TimeControl "1200+5"]

1. d4 {[%emt 0:00:01]} Nf6 {[%emt 0:00:01]} 2. Bf4 {[%emt 0:00:05]} d6 {[%emt 0:00:02]} 3. Nc3 {[%emt 0:00:22]} Nbd7 {[%emt 0:00:03]} 4. Nf3 {[%emt 0:00:21]} c5 {[%emt 0:00:05]} 5. dxc5 {[%emt 0:00:46]} Nxc5 {[%emt 0:00:04]} 6. e3 {[%emt 0:00:33]} a6 {[%emt 0:00:08]} 7. Be2 {[%emt 0:00:37]} g6 {[%emt 0:00:07]} 8. O-O {[%emt 0:00:58]} Bg7 {[%emt 0:00:02]} 9. h3 {[%emt 0:00:59]} O-O {[%emt 0:00:06]} 10. Bg3 {[%emt 0:00:33]} Nfe4 {[%emt 0:00:36]} 11. Nxe4 {[%emt 0:00:52]} Nxe4 {[%emt 0:00:02]} 12. c3 {[%emt 0:00:31]} Nxg3 {[%emt 0:00:02]} 13. fxg3 {[%emt 0:00:01]} Qb6 {[%emt 0:00:25]} 14. Qd2 {[%emt 0:00:19]} Bh6 {[%emt 0:00:45]} 15. Nd4 {[%emt 0:02:03]} e5 {[%emt 0:00:08]} 16. Nc2 {[%emt 0:00:14]} Be6 {[%emt 0:00:12]} 17. Kh2 {[%emt 0:01:08]} Rad8 {[%emt 0:00:24]} 18. g4 {[%emt 0:03:18]} d5 {[%emt 0:00:33]} 19. h4 {[%emt 0:00:02]} Qc7 {[%emt 0:01:24]} 20. g5 {[%emt 0:00:31]} Bg7 {[%emt 0:00:02]} 21. Kh1 {[%emt 0:00:07]} h6 {[%emt 0:01:11]} 22. Qe1 {[%emt 0:00:55]} hxg5 {[%emt 0:02:35]} 23. hxg5 {[%emt 0:00:01]} Bf5 {[%emt 0:00:20]} 24. Nb4 {[%emt 0:01:07]} d4 {[%emt 0:01:01]} 25. g4 {[%emt 0:01:03]} Be4+ {[%emt 0:00:05]} 26. Bf3 {[%emt 0:00:01]} Bxf3+ {[%emt 0:00:10]} 27. Rxf3 {[%emt 0:00:00]} a5 {[%emt 0:00:41]} 28. Nc2 {[%emt 0:00:43]} d3 {[%emt 0:00:15]} 29. Na3 {[%emt 0:00:18]} Qc6 {[%emt 0:00:31]} 30. e4 {[%emt 0:00:46]} d2 {[%emt 0:00:03]} 31. Qe2 {[%emt 0:00:02]} d1=Q+ {[%emt 0:00:03]} 32. Rxd1 {[%emt 0:00:01]} Rxd1+ {[%emt 0:00:02]} 33. Qxd1 {[%emt 0:00:02]} Qxe4 {[%emt 0:00:02]} 34. Qd3 {[%emt 0:00:48]} Qxg4 {[%emt 0:00:04]} 35. Rg3 {[%emt 0:00:02]} Qh4+ {[%emt 0:00:32]} 36. Kg2 {[%emt 0:00:01]} e4 {[%emt 0:01:24]} 37. Qd2 {[%emt 0:00:19]} Re8 {[%emt 0:00:03]} 38. Qe3 {[%emt 0:00:13]} Rd8 {[%emt 0:00:14]} 39. Nc2 {[%emt 0:01:38]} Be5 {[%emt 0:01:03]} 40. Rh3 {[%emt 0:00:19]} Qg4+ {[%emt 0:00:02]} 41. Kf2 {[%emt 0:00:12]} Rd3 {[%emt 0:00:15]} 0-1

[Event "HUN-ch Rapid 2019"]
[Site "Ajka"]
[Date "2019.07.21"]
[Round "10.20"]
[White "Nemeth, Zoltan"]
[Black "Bognar, Csaba"]
[Result "1-0"]
[WhiteElo "2275"]
[BlackElo "2166"]
[Annotator "NA"]
[PlyCount "75"]
[EventDate "2019.07.18"]
[EventType "swiss"]
[EventCountry "HUN"]
[SourceTitle "playchess.com"]
[Source "ChessBase"]
[SourceQuality "1"]
[TimeControl "1200+5"]

1. d4 {[%emt 0:00:09]} d6 {[%emt 0:00:02]} 2. g3 {[%emt 0:00:04]} g6 {[%emt 0:00:03]} 3. Bg2 {[%emt 0:00:03]} Bg7 {[%emt 0:00:01]} 4. b3 {[%emt 0:00:00]} f5 {[%emt 0:00:31]} 5. Bb2 {[%emt 0:00:23]} Nf6 {[%emt 0:00:08]} 6. Nd2 {[%emt 0:00:38]} c6 {[%emt 0:00:07]} 7. a4 {[%emt 0:00:01]} O-O {[%emt 0:00:11]} 8. Ngf3 {[%emt 0:00:08]} h6 {[%emt 0:01:07]} 9. Nc4 {[%emt 0:00:18]} Nbd7 {[%emt 0:00:34]} 10. O-O {[%emt 0:01:07]} g5 {[%emt 0:00:33]} 11. Ne1 {[%emt 0:00:08]} d5 {[%emt 0:00:51]} 12. Nd2 {[%emt 0:00:41]} f4 {[%emt 0:01:25]} 13. Nd3 {[%emt 0:00:33]} fxg3 {[%emt 0:01:28]} 14. fxg3 {[%emt 0:00:53]} Ng4 {[%emt 0:00:14]} 15. Rxf8+ {[%emt 0:00:03]} Qxf8 {[%emt 0:00:34]} 16. Nf1 {[%emt 0:00:36]} e5 {[%emt 0:00:33]} 17. e3 {[%emt 0:02:25]} Qf5 {[%emt 0:02:56]} 18. h3 {[%emt 0:01:03]} Ngf6 {[%emt 0:00:17]} 19. g4 {[%emt 0:02:31]} Qe6 {[%emt 0:00:19]} 20. Nxe5 {[%emt 0:00:02]} Nxe5 {[%emt 0:00:03]} 21. dxe5 {[%emt 0:00:01]} Nd7 {[%emt 0:00:26]} 22. e4 {[%emt 0:00:03]} dxe4 {[%emt 0:00:44]} 23. Bxe4 {[%emt 0:00:40]} Bxe5 {[%emt 0:02:33]} 24. Bxe5 {[%emt 0:02:46]} Qxe5 {[%emt 0:00:56]} 25. Bf5 {[%emt 0:01:35]} Nf8 {[%emt 0:00:51]} 26. Bxc8 {[%emt 0:00:59]} Rxc8 {[%emt 0:00:01]} 27. Qe1 {[%emt 0:00:00]} Re8 {[%emt 0:00:21]} 28. Qxe5 {[%emt 0:00:02]} Rxe5 {[%emt 0:00:01]} 29. Rd1 {[%emt 0:00:19]} Kf7 {[%emt 0:00:33]} 30. Kf2 {[%emt 0:00:23]} Ng6 {[%emt 0:00:20]} 31. Ne3 {[%emt 0:00:49]} Nf4 {[%emt 0:00:23]} 32. Kf3 {[%emt 0:00:05]} Ke6 {[%emt 0:01:37]} 33. h4 {[%emt 0:00:05]} Nd5 {[%emt 0:00:10]} 34. Nc4 {[%emt 0:00:15]} Nc3 {[%emt 0:00:13]} 35. Rd6+ {[%emt 0:00:31]} Ke7 {[%emt 0:00:09]} 36. Rd3 {[%emt 0:00:01]} Rc5 {[%emt 0:01:35]} 37. Rxc3 {[%emt 0:00:01]} b5 {[%emt 0:00:03]} 38. hxg5 {[%emt 0:00:53]} 1-0

[Event "HUN-ch Rapid 2019"]
[Site "Ajka"]
[Date "2019.07.21"]
[Round "11.1"]
[White "Czebe, Attila"]
[Black "Almasi, Zoltan"]
[Result "1/2-1/2"]
[WhiteElo "2436"]
[BlackElo "2687"]
[Annotator "TA"]
[PlyCount "54"]
[EventDate "2019.07.18"]
[EventType "swiss"]
[EventCountry "HUN"]
[SourceTitle "playchess.com"]
[Source "ChessBase"]
[SourceQuality "1"]

{[%evp 9,54,15,27,7,15,0,9,4,3,0,8,-19,-11,-19,-10,-27,-10,-30,-26,-36,-26,-26,-22,-29,-18,-16,-21,-15,0,-21,18,5,6,-12,-17,-19,-9,-8,-5,-6,-5,-5,-9,-6,-4,-9,-10]} 1. Nf3 Nf6 2. g3 d5 3. Bg2 c6 4. O-O Bg4 5. h3 Bh5 6. d3 {A07: Réti Opening: New York and Capablanca Systems} e6 7. Qe1 Be7 8. e4 O-O 9. Nc3 Re8 $146 ({Predecessor:} 9... Nbd7 10. Kh1 a5 11. a3 a4 12. Bg5 h6 13. Bd2 Qc7 {1-0 (70) Jakovenko,D (2718)-Parligras,M (2607) Minsk 2017}) 10. Nh2 dxe4 11. dxe4 e5 12. Nf3 Nfd7 13. Be3 Na6 14. Nd2 Bc5 15. Nb3 Bxe3 16. Qxe3 Qb6 17. Qxb6 {The position is equal.} axb6 18. f3 Nf8 19. Rfd1 Red8 20. Kf2 f6 21. Bf1 Nb4 22. Bc4+ Bf7 23. Bxf7+ $1 Kxf7 24. Rxd8 Rxd8 25. Rc1 Ne6 26. a3 Na6 27. Rd1 Rxd1 {Accuracy: White = 50%, Black = 60%.} 1/2-1/2

[Event "HUN-ch Rapid 2019"]
[Site "Ajka"]
[Date "2019.07.21"]
[Round "11.2"]
[White "Papp, Gabor"]
[Black "Hera, Imre Jr."]
[Result "1/2-1/2"]
[WhiteElo "2587"]
[BlackElo "2610"]
[Annotator "ChessBase"]
[PlyCount "52"]
[EventDate "2019.07.18"]
[EventType "swiss"]
[EventCountry "HUN"]
[SourceTitle "playchess.com"]
[Source "ChessBase"]
[SourceQuality "1"]
[TimeControl "1200+5"]

1. e4 {[%emt 0:00:03]} e5 {[%emt 0:00:16]} 2. Nf3 {[%emt 0:00:02]} d6 {[%emt 0:00:01]} 3. d4 {[%emt 0:00:06]} exd4 {[%emt 0:00:02]} 4. Nxd4 {[%emt 0:00:01]} Nf6 {[%emt 0:00:01]} 5. Nc3 {[%emt 0:00:01]} Be7 {[%emt 0:00:01]} 6. Be3 {[%emt 0:00:24]} O-O {[%emt 0:00:04]} 7. f3 {[%emt 0:00:06]} c6 {[%emt 0:00:56]} 8. Qd2 {[%emt 0:00:10]} b5 {[%emt 0:00:10]} 9. g4 {[%emt 0:00:17]} b4 {[%emt 0:00:04]} 10. Nce2 {[%emt 0:00:07]} c5 {[%emt 0:01:17]} 11. Nf5 {[%emt 0:00:02]} Bxf5 {[%emt 0:00:02]} 12. gxf5 {[%emt 0:00:26]} Nc6 {[%emt 0:00:30]} 13. O-O-O {[%emt 0:01:22]} Ne5 {[%emt 0:01:23]} 14. Nf4 {[%emt 0:00:02]} Qa5 {[%emt 0:02:14]} 15. Kb1 {[%emt 0:00:49]} Kh8 {[%emt 0:01:01]} 16. Nd5 {[%emt 0:00:50]} Nxf3 {[%emt 0:00:39]} 17. Qg2 {[%emt 0:00:06]} Nxd5 {[%emt 0:00:06]} 18. Rxd5 {[%emt 0:00:16]} Ne5 {[%emt 0:00:58]} 19. Rg1 {[%emt 0:00:04]} Rg8 {[%emt 0:00:04]} 20. Bxc5 {[%emt 0:01:58]} dxc5 {[%emt 0:00:06]} 21. Rxe5 {[%emt 0:00:01]} Bf6 {[%emt 0:00:42]} 22. Rd5 {[%emt 0:00:08]} Bd4 {[%emt 0:00:46]} 23. Rh1 {[%emt 0:00:14]} b3 {[%emt 0:00:28]} 24. axb3 {[%emt 0:02:07]} Qe1+ {[%emt 0:00:26]} 25. Ka2 {[%emt 0:00:01]} Qa5+ {[%emt 0:00:01]} 26. Kb1 {[%emt 0:00:01]} Qe1+ 1/2-1/2

[Event "HUN-ch Rapid 2019"]
[Site "Ajka"]
[Date "2019.07.21"]
[Round "11.3"]
[White "Gledura, Benjamin"]
[Black "Horvath, Peter"]
[Result "1-0"]
[WhiteElo "2654"]
[BlackElo "2418"]
[Annotator "ChessBase"]
[PlyCount "83"]
[EventDate "2019.07.18"]
[EventType "swiss"]
[EventCountry "HUN"]
[SourceTitle "playchess.com"]
[Source "ChessBase"]
[SourceQuality "1"]
[TimeControl "1200+5"]

1. Nf3 {[%emt 0:00:09]} d5 {[%emt 0:00:04]} 2. g3 {[%emt 0:00:02]} Nf6 {[%emt 0:00:11]} 3. Bg2 {[%emt 0:00:02]} Bg4 {[%emt 0:00:28]} 4. d4 {[%emt 0:00:18]} c6 {[%emt 0:01:19]} 5. h3 {[%emt 0:00:18]} Bxf3 {[%emt 0:00:14]} 6. Bxf3 {[%emt 0:00:03]} Nbd7 {[%emt 0:00:12]} 7. c4 {[%emt 0:00:19]} e6 {[%emt 0:00:39]} 8. O-O {[%emt 0:01:43]} Bd6 {[%emt 0:00:19]} 9. b3 {[%emt 0:00:26]} O-O {[%emt 0:00:07]} 10. Bb2 {[%emt 0:00:03]} Qe7 {[%emt 0:02:06]} 11. Qc2 {[%emt 0:00:29]} dxc4 {[%emt 0:00:23]} 12. bxc4 {[%emt 0:00:10]} e5 {[%emt 0:00:16]} 13. e3 {[%emt 0:00:02]} e4 {[%emt 0:01:14]} 14. Bg2 {[%emt 0:00:06]} Qe6 {[%emt 0:00:37]} 15. Nd2 {[%emt 0:01:15]} Rfe8 {[%emt 0:00:04]} 16. Qb3 {[%emt 0:01:05]} Rab8 {[%emt 0:01:24]} 17. c5 {[%emt 0:00:07]} Bc7 {[%emt 0:00:01]} 18. Qxe6 {[%emt 0:00:04]} Rxe6 {[%emt 0:00:03]} 19. Rab1 {[%emt 0:00:06]} b6 {[%emt 0:01:53]} 20. cxb6 {[%emt 0:00:31]} axb6 {[%emt 0:00:09]} 21. Rfc1 {[%emt 0:00:03]} Ra8 {[%emt 0:00:43]} 22. a3 {[%emt 0:01:05]} Ra7 {[%emt 0:00:32]} 23. Rc2 {[%emt 0:00:12]} c5 {[%emt 0:00:53]} 24. dxc5 {[%emt 0:01:40]} Nxc5 {[%emt 0:00:04]} 25. Rc4 {[%emt 0:00:11]} h6 {[%emt 0:02:36]} 26. Bxf6 {[%emt 0:00:21]} gxf6 {[%emt 0:00:02]} 27. Nxe4 {[%emt 0:00:07]} Nxe4 {[%emt 0:00:14]} 28. Bxe4 {[%emt 0:00:03]} Kg7 {[%emt 0:01:13]} 29. a4 {[%emt 0:00:10]} Rd6 {[%emt 0:00:24]} 30. Kg2 {[%emt 0:02:18]} Rd2 {[%emt 0:00:29]} 31. Kf3 {[%emt 0:00:56]} Bd8 {[%emt 0:00:11]} 32. Bc6 {[%emt 0:00:20]} Re7 {[%emt 0:00:25]} 33. Rb5 {[%emt 0:00:19]} Re5 {[%emt 0:01:08]} 34. Rxe5 {[%emt 0:00:21]} fxe5 {[%emt 0:00:02]} 35. Be4 {[%emt 0:00:19]} Be7 {[%emt 0:00:48]} 36. Rc7 {[%emt 0:00:44]} Kf6 {[%emt 0:00:01]} 37. Rb7 {[%emt 0:00:46]} Bc5 {[%emt 0:00:15]} 38. Bc6 {[%emt 0:00:39]} Ke6 {[%emt 0:00:12]} 39. g4 {[%emt 0:00:12]} Rc2 {[%emt 0:00:53]} 40. Bd7+ {[%emt 0:01:18]} Kf6 {[%emt 0:00:08]} 41. Be8 {[%emt 0:00:10]} e4+ {[%emt 0:00:04]} 42. Kxe4 {[%emt 0:00:05]} 1-0

[Event "HUN-ch Rapid 2019"]
[Site "Ajka"]
[Date "2019.07.21"]
[Round "11.4"]
[White "Aczel, Gergely"]
[Black "Karacsonyi, Gellert"]
[Result "1-0"]
[WhiteElo "2540"]
[BlackElo "2315"]
[Annotator "ChessBase"]
[PlyCount "75"]
[EventDate "2019.07.18"]
[EventType "swiss"]
[EventCountry "HUN"]
[SourceTitle "playchess.com"]
[Source "ChessBase"]
[SourceQuality "1"]
[TimeControl "1200+5"]

1. d4 {[%emt 0:01:28]} Nf6 {[%emt 0:00:01]} 2. c4 {[%emt 0:00:00]} e6 {[%emt 0:00:02]} 3. Nc3 {[%emt 0:00:01]} Bb4 {[%emt 0:00:03]} 4. e3 {[%emt 0:00:01]} O-O {[%emt 0:00:02]} 5. Bd2 {[%emt 0:00:01]} c6 {[%emt 0:00:27]} 6. Nf3 {[%emt 0:01:00]} d5 {[%emt 0:00:03]} 7. Bd3 {[%emt 0:00:10]} Nbd7 {[%emt 0:00:15]} 8. O-O {[%emt 0:00:03]} b6 {[%emt 0:00:13]} 9. Nxd5 {[%emt 0:00:26]} Nxd5 {[%emt 0:04:17]} 10. cxd5 {[%emt 0:00:02]} Bxd2 {[%emt 0:00:15]} 11. dxe6 {[%emt 0:01:13]} Bb4 {[%emt 0:02:08]} 12. exd7 {[%emt 0:00:03]} Bxd7 {[%emt 0:00:01]} 13. Ne5 {[%emt 0:02:57]} Bd6 {[%emt 0:00:28]} 14. Rc1 {[%emt 0:00:50]} Bxe5 {[%emt 0:02:18]} 15. dxe5 {[%emt 0:00:01]} c5 {[%emt 0:00:02]} 16. Qc2 {[%emt 0:01:39]} h6 {[%emt 0:00:13]} 17. Bc4 {[%emt 0:00:37]} Qe7 {[%emt 0:01:07]} 18. f4 {[%emt 0:00:21]} Kh8 {[%emt 0:00:04]} 19. Qe4 {[%emt 0:00:47]} Rae8 {[%emt 0:00:32]} 20. h3 {[%emt 0:01:06]} Rc8 {[%emt 0:01:42]} 21. Rfd1 {[%emt 0:00:18]} Bc6 {[%emt 0:00:12]} 22. Bd5 {[%emt 0:00:49]} Bxd5 {[%emt 0:00:02]} 23. Rxd5 {[%emt 0:00:06]} Rfd8 {[%emt 0:00:26]} 24. Rcd1 {[%emt 0:00:04]} Qh4 {[%emt 0:02:08]} 25. Kh2 {[%emt 0:00:26]} Qe7 {[%emt 0:01:58]} 26. a4 {[%emt 0:00:09]} Kg8 {[%emt 0:00:32]} 27. b3 {[%emt 0:00:29]} Kh8 {[%emt 0:00:11]} 28. Qf5 {[%emt 0:00:21]} Kg8 {[%emt 0:00:32]} 29. Rd7 {[%emt 0:00:15]} Qe8 {[%emt 0:00:15]} 30. R1d6 {[%emt 0:00:53]} Rxd7 {[%emt 0:00:26]} 31. Rxd7 {[%emt 0:00:07]} g6 {[%emt 0:01:10]} 32. Qd3 {[%emt 0:00:01]} a5 {[%emt 0:00:18]} 33. Qd5 {[%emt 0:00:43]} c4 {[%emt 0:00:14]} 34. bxc4 {[%emt 0:00:12]} Qf8 {[%emt 0:00:05]} 35. Rd6 {[%emt 0:00:16]} Rc5 {[%emt 0:00:04]} 36. Qd4 {[%emt 0:00:10]} Qe7 {[%emt 0:00:05]} 37. Rd8+ {[%emt 0:00:32]} Kh7 {[%emt 0:00:01]} 38. e6 {[%emt 0:00:05]} 1-0

[Event "HUN-ch Rapid 2019"]
[Site "Ajka"]
[Date "2019.07.21"]
[Round "11.5"]
[White "Banusz, Tamas"]
[Black "Emodi, Barnabas"]
[Result "1-0"]
[WhiteElo "2626"]
[BlackElo "2365"]
[Annotator "ChessBase"]
[PlyCount "98"]
[EventDate "2019.07.18"]
[EventType "swiss"]
[EventCountry "HUN"]
[SourceTitle "playchess.com"]
[Source "ChessBase"]
[SourceQuality "1"]
[TimeControl "1200+5"]

1. d4 {[%emt 0:00:01]} Nf6 {[%emt 0:00:02]} 2. Nf3 {[%emt 0:00:02]} g6 {[%emt 0:00:20]} 3. g3 {[%emt 0:00:02]} Bg7 {[%emt 0:00:14]} 4. Bg2 {[%emt 0:00:02]} O-O {[%emt 0:00:05]} 5. c4 {[%emt 0:00:01]} e6 {[%emt 0:00:24]} 6. O-O {[%emt 0:00:05]} d5 {[%emt 0:00:01]} 7. b3 {[%emt 0:00:15]} a5 {[%emt 0:00:12]} 8. Nc3 {[%emt 0:00:08]} b6 {[%emt 0:00:34]} 9. Bb2 {[%emt 0:00:22]} Bb7 {[%emt 0:00:53]} 10. Ne5 {[%emt 0:00:16]} Nbd7 {[%emt 0:00:42]} 11. Nd3 {[%emt 0:00:49]} Qb8 {[%emt 0:01:10]} 12. Qc2 {[%emt 0:01:13]} dxc4 {[%emt 0:00:23]} 13. bxc4 {[%emt 0:00:08]} Bxg2 {[%emt 0:00:07]} 14. Kxg2 {[%emt 0:00:03]} Qb7+ {[%emt 0:00:53]} 15. f3 {[%emt 0:00:19]} c5 {[%emt 0:00:58]} 16. dxc5 {[%emt 0:00:31]} bxc5 {[%emt 0:00:23]} 17. Rab1 {[%emt 0:00:37]} Ng4 {[%emt 0:02:50]} 18. Bc1 {[%emt 0:02:51]} Qc6 {[%emt 0:00:32]} 19. Nb5 {[%emt 0:00:39]} Bd4 {[%emt 0:02:45]} 20. h3 {[%emt 0:00:47]} Ne3+ {[%emt 0:00:25]} 21. Bxe3 {[%emt 0:00:01]} Bxe3 {[%emt 0:00:01]} 22. Rfd1 {[%emt 0:00:11]} Rfd8 {[%emt 0:03:09]} 23. Qc3 {[%emt 0:00:08]} Bh6 {[%emt 0:01:29]} 24. Ne5 {[%emt 0:01:14]} Nxe5 {[%emt 0:00:30]} 25. Qxe5 {[%emt 0:00:01]} Rd7 {[%emt 0:00:22]} 26. Rd6 {[%emt 0:05:04]} Rxd6 {[%emt 0:00:09]} 27. Qxd6 {[%emt 0:00:00]} Qxd6 {[%emt 0:00:45]} 28. Nxd6 {[%emt 0:00:01]} Rd8 {[%emt 0:00:14]} 29. Ne4 {[%emt 0:00:01]} Rd4 {[%emt 0:00:10]} 30. Rb8+ {[%emt 0:00:01]} Kg7 {[%emt 0:00:03]} 31. Rb7 {[%emt 0:00:01]} Be3 {[%emt 0:00:35]} 32. Ra7 {[%emt 0:01:54]} Rxc4 {[%emt 0:00:43]} 33. Rxf7+ {[%emt 0:00:20]} Kg8 {[%emt 0:00:11]} 34. Rc7 {[%emt 0:00:55]} Bd4 {[%emt 0:00:15]} 35. f4 {[%emt 0:00:20]} Rc1 {[%emt 0:00:16]} 36. Kf3 {[%emt 0:00:07]} Rf1+ {[%emt 0:00:07]} 37. Kg4 {[%emt 0:00:03]} Re1 {[%emt 0:00:02]} 38. Kg5 {[%emt 0:00:21]} Rxe2 {[%emt 0:00:10]} 39. Nf6+ {[%emt 0:00:01]} Kf8 {[%emt 0:00:02]} 40. Rxh7 {[%emt 0:00:23]} c4 {[%emt 0:00:02]} 41. Kxg6 {[%emt 0:00:02]} Bxf6 {[%emt 0:00:02]} 42. Kxf6 {[%emt 0:00:02]} Ke8 {[%emt 0:00:08]} 43. Rc7 {[%emt 0:00:00]} Rxa2 {[%emt 0:00:04]} 44. Rxc4 {[%emt 0:00:22]} Ra3 {[%emt 0:00:01]} 45. g4 {[%emt 0:00:06]} Rxh3 {[%emt 0:00:05]} 46. Kxe6 {[%emt 0:00:03]} Kf8 {[%emt 0:00:05]} 47. f5 {[%emt 0:00:35]} Kg7 {[%emt 0:00:11]} 48. Rc7+ {[%emt 0:00:01]} Kh6 {[%emt 0:00:03]} 49. Kf6 {[%emt 0:00:12]} a4 1-0